000 00496cab a22001935a 4500
001 L154204
008 111031e20111028xxk 000 0 eng d
035 _a(Sirsi) u154204
041 0 _aeng
100 1 _aHeap, Richard
245 0 0 _aInstitutional investor
260 _c2011
490 0 _aProperty Week
_v77(43) 28 October 2011, 58-59(2)
520 _aInterview with RICS Chief Executive Sean Tompkins.
590 _aKA
651 4 _aUnited Kingdom
_y
690 _aPROPERTY
942 _n0
999 _c83533
_d83533